Advanced strength of materials (Record no. 6074)

000 -LEADER
fixed length control field 00525nam a2200193 4500
001 - CONTROL NUMBER
control field 6074
003 - CONTROL NUMBER IDENTIFIER
control field BD-DhHUET
008 - FIXED-LENGTH DATA ELEMENTS--GENERAL INFORMATION
fixed length control field 790809s1952 nyua 001 0 eng
020 ## - INTERNATIONAL STANDARD BOOK NUMBER
International Standard Book Number 070164002
040 ## - CATALOGING SOURCE
Original cataloging agency DLC
Transcribing agency DLC
Modifying agency BD-DhHUET
082 ## - DEWEY DECIMAL CLASSIFICATION NUMBER
Classification number 620.11
Item number DEN/1952
100 1# - MAIN ENTRY--PERSONAL NAME
Personal name Den Hartog, J. P.
245 10 - TITLE STATEMENT
Title Advanced strength of materials
Statement of responsibility, etc. by Den Hartog, J. P.
250 ## - EDITION STATEMENT
Edition statement 1st ed.
260 ## - PUBLICATION, DISTRIBUTION, ETC. (IMPRINT)
Place of publication, distribution, etc. New York
Name of publisher, distributor, etc. McGraw-Hill
Date of publication, distribution, etc. 1952
300 ## - PHYSICAL DESCRIPTION
Extent ix,379 p.
Other physical details illus.
Dimensions 24 cm.
650 #0 - SUBJECT ADDED ENTRY--TOPICAL TERM
Topical term or geographic name as entry element Strength of materials: engineering
942 ## - ADDED ENTRY ELEMENTS (KOHA)
Koha item type General Book
Holdings
Location (home branch) Copy number Withdrawn status Shelving location Damaged status Lost status Source of classification or shelving scheme Piece designation (barcode) Date acquired Koha item type Koha date last seen Sublocation or collection (holding branch) Price effective from Koha normalized classification for sorting Koha full call number Not for loan
Central Library, BUET1 Circulation section   879252014-11-30General Book2014-11-30Central Library, BUET2014-11-30620_000000000000000_11DEN1952620.11/DEN/1952 
Central Library, BUET2 Circulation section   299062015-04-23General Book2015-04-23Central Library, BUET2015-04-23620_110000000000000_DEN_1952620.11/DEN/1952 
Central Library, BUET3 Circulation section   299012015-04-23General Book2015-04-23Central Library, BUET2015-04-23620_110000000000000_DEN_1952620.11/DEN/1952 
Central Library, BUET4 Circulation section   347602015-04-23General Book2015-04-23Central Library, BUET2015-04-23620_110000000000000_DEN_1952620.11/DEN/1952 
Central Library, BUET5 Circulation section   299032015-04-23General Book2015-04-23Central Library, BUET2015-04-23620_110000000000000_DEN_1952620.11/DEN/1952 
Central Library, BUET6 Circulation section   347612015-04-23General Book2015-04-23Central Library, BUET2015-04-23620_110000000000000_DEN_1952620.11/DEN/1952 
Central Library, BUET7 Circulation section   299082015-04-23General Book2015-04-23Central Library, BUET2015-04-23620_110000000000000_DEN_1952620.11/DEN/1952 
Central Library, BUET8 Circulation section   299052015-04-23General Book2015-04-23Central Library, BUET2015-04-23620_110000000000000_DEN_1952620.11/DEN/1952 
Central Library, BUET9 Circulation section   299042015-04-23General Book2015-04-23Central Library, BUET2015-04-23620_110000000000000_DEN_1952620.11/DEN/1952 
Central Library, BUET10 Circulation section   347622015-04-25General Book2015-04-25Central Library, BUET2015-04-25620_110000000000000_DEN_1952620.11/DEN/1952 
Central Library, BUET11 Circulation section   299072015-04-25General Book2015-04-25Central Library, BUET2015-04-25620_110000000000000_DEN_1952620.11/DEN/1952